| 000 | 00635nam a2200217 i 4500 | ||
|---|---|---|---|
| 001 | bg | ||
| 100 | 1 | _aSOBCZAK, Edward. | |
| 245 | 0 | 0 |
_aDyfuzyjno-kinetyczny model wzrostu kryształów / _cEdward Sobczak. |
| 260 |
_aBydgoszcz : _bWydawnictwa Uczelniane Akademii Techniczno-Rolniczej, _c2005. |
||
| 300 |
_a104 s. : _bwykr. ; _c24 cm. |
||
| 490 | 1 |
_aRozprawy, _x0209-0597 ; _vnr 113 |
|
| 500 | _aStreszcz ang. | ||
| 504 | _aBibliogr. | ||
| 650 | 9 |
_aKryształy _xfizyka |
|
| 830 |
_aRozprawy, _x0209-0597 ; |
||
| 040 | _cBPK | ||
| 041 | 0 |
_apol _beng |
|
| 080 | _a548:53 | ||
| 942 | _cKS | ||
| 008 | s pl f |000 0 pol | ||
| 999 |
_c51550 _d51550 |
||
| 856 |
_uhttp://koha.tu.koszalin.pl/cgi-bin/koha/opac-detail.pl?biblionumber=51550 _yKatalog online BPK |
||